श्री यंत्र माहात्म्य(श्रीविद्या-श्रीचक्रोपासना-शास्त्रोक्तविवेचन). (Record no. 1351237)

MARC details
000 -LEADER
fixed length control field 01243nam a2200181Ia 4500
008 - FIXED-LENGTH DATA ELEMENTS--GENERAL INFORMATION
fixed length control field 151202s9999||||xx |||||||||||||| ||und||
082 ## - DEWEY DECIMAL CLASSIFICATION NUMBER
Item number PNVM-121108
100 ## - MAIN ENTRY--PERSONAL NAME
Personal name आळवणी नारायण लक्ष्मणशास्त्री.
245 ## - TITLE STATEMENT
Title श्री यंत्र माहात्म्य(श्रीविद्या-श्रीचक्रोपासना-शास्त्रोक्तविवेचन).
260 ## - PUBLICATION, DISTRIBUTION, ETC. (IMPRINT)
Name of publisher, distributor, etc "श्रीकल्याण सेवक प्रकाशन मंदिर,संकेश्वर,बेळगाव."
260 ## - PUBLICATION, DISTRIBUTION, ETC. (IMPRINT)
Date of publication, distribution, etc 1967
300 ## - PHYSICAL DESCRIPTION
Extent 80
600 ## - SUBJECT ADDED ENTRY--PERSONAL NAME
Personal name आळवणी नारायण लक्ष्मणशास्त्री.
630 ## - SUBJECT ADDED ENTRY--UNIFORM TITLE
Uniform title श्री यंत्र माहात्म्य(श्रीविद्या-श्रीचक्रोपासना-शास्त्रोक्तविवेचन).
700 ## - ADDED ENTRY--PERSONAL NAME
Personal name आळवणी नारायण लक्ष्मणशास्त्री.
730 ## - ADDED ENTRY--UNIFORM TITLE
Uniform title श्री यंत्र माहात्म्य(श्रीविद्या-श्रीचक्रोपासना-शास्त्रोक्तविवेचन).
942 ## - ADDED ENTRY ELEMENTS (KOHA)
Koha item type Book
Holdings
Withdrawn status Lost status Damaged status Not for loan Home library Current library Date acquired Cost, normal purchase price Total Checkouts Full call number Barcode Date last seen Cost, replacement price Price effective from Koha item type
        Pune Nagar Vachan Mandir, Pune Pune Nagar Vachan Mandir, Pune 06/21/2015 0.00   PNVM-121108 PNVM-121108 12/02/2015 0.00 12/02/2015 Book